000 01229cam a2200349Ma 4500
001 44489
005 20230410124143.0
008 040526s2003 br a 000 0 por d
035 _a(OCoLC)ocm68945273
040 _aEYM
_cEYM
035 _a(OCoLC)68945273
049 _aGRAL
050 1 4 _aNX 533
_bP452 2003
245 0 0 _aPernambuco :
_b5 decadas de arte : 1950-2000.
246 3 0 _a5 decadas de arte
246 3 0 _aCinco decadas de arte
260 _aRecife :
_bQuadro Publicidade e Design Ltda,
_c2003.
300 _a215 p. :
_bcol. ill. ;
_c27 cm.
504 _aIncludes bibliographical references.
505 0 0 _tArtes plásticas /
_rAndré Rosemberg ; Cristiana Tejo --
_tArquitetura /
_rLuiz Amorim --
_tMúsica /
_rJosé Teles --
_tArte popular /
_rMaria Alice Amorim.
650 0 _aArt, Brazilian
_zBrazil
_zPernambuco
_y20th century.
650 0 _aArchitecture
_zBrazil
_zPernambuco
_y20th century.
650 0 _aMusic
_zBrazil
_zPernambuco
_y20th century.
650 0 _aFolk art
_zBrazil
_zPernambuco
_y20th century.
700 1 _aRosemberg, André.
700 1 _aAmorim, Luiz Carlos.
700 1 _aTeles, José.
700 1 _aAmorim, Maria Alice.
942 _2lcc
_cbk
946 _aclperez
994 _aC0
_bDRFGD
999 _c72065
_d72065